Insurance Advocate

Detalles Bibliográficos
Formato: eBook
Lenguaje:inglés
Publicado: Nueva York: CINN Group, Inc., 2014 -
Materias:
Acceso en línea:Acceso restringido

MARC

LEADER 00000nam a22000007a 4500
005 20191016000516.0
007 cr|||| ||||
008 191016c20149999us wr|w s|||| 0|||b1eng d
022 |a 0020-4587 
035 |a 22339 
040 |a vLex 
090 |c 9849  |d 9849 
245 0 0 |a Insurance Advocate  |h [Recurso electrn̤ico] / 
256 |a Servicio en ln̕ea 
260 |a Nueva York:  |b CINN Group, Inc.,  |c 2014 - 
300 |a 1 recurso electrn̤ico 
310 |a Semanal 
506 1 |a Disponible solo en los productos indicados  |d vLex Global  |d vLex Global (Academic Edition, excluding Law Schools)  |d vLex Global (Academic Edition, Law Schools) 
650 0 4 |a Economa̕ y negocios  |z Estado Unidos 
740 0 |a vLex Revistas (Servicio en ln̕ea) 
856 4 0 |u http://vlex.com/source/insurance-advocate-22339  |z Acceso restringido 
942 |c REV 
999 0 |a Economy and business